000 00395nam a2200145Ia 4500
008 230917s9999||||xx |||||||||||||| ||und||
040 _e3793
_aMAIN
041 _aEnglish
082 _a320.50954 G748S
100 _aGoyal, O P
245 0 _aStudies in modern Indian political thought: Gandhi an interpretation
260 _aAllahabad
_bKitab Mahal
_c1964
300 _avii, 100 p.
942 _cBK
999 _c88395
_d88395